000 00706nam a2200289Ia 4500
005 20260324112439.0
008 008 260324s9999 xx 000 0 eng d
020 _a9781032631387
037 _aEBOOK
040 _aCRL
040 _beng
040 _cCRL
041 _2eng
041 _aeng
084 _qCRL
100 _aNazila Isgandarova
_9846774
245 0 _aMindfulness Techniques and Practices in Islamic Psychotherapy
245 4 _bThe Power of Muraqabah
260 _bTaylor and Francis
260 _c2024
365 _a
365 _b205
856 _uhttp://www.taylorfrancis.com/books/9781032631387
942 _cEBOOK
999 _c1731946
_d1731946